Indian national movement and American opinion (Record no. 421036)

000 -LEADER
fixed length control field 00419cam a22001337a 4500
008 - FIXED-LENGTH DATA ELEMENTS--GENERAL INFORMATION
fixed length control field 180718b1962 xxu||||| |||| 00| 0 eng d
082 ## - DEWEY DECIMAL CLASSIFICATION NUMBER
Classification number B262x54 Si64i
100 ## - MAIN ENTRY--PERSONAL NAME
Personal name Singh, Harnam
245 ## - TITLE STATEMENT
Title Indian national movement and American opinion
Statement of responsibility, etc. by Harnam Singh
260 ## - PUBLICATION, DISTRIBUTION, ETC.
Place of publication, distribution, etc. Delhi
Name of publisher, distributor, etc. Central Electric Press
Date of publication, distribution, etc. 1962
300 ## - PHYSICAL DESCRIPTION
Extent vi, 400p
650 ## - SUBJECT ADDED ENTRY--TOPICAL TERM
Topical term or geographic name entry element India --Foreign public opinion, American.
650 ## - SUBJECT ADDED ENTRY--TOPICAL TERM
Topical term or geographic name entry element Nationalism --India
Holdings
Withdrawn status Lost status Damaged status Not for loan Permanent Location Current Location Date acquired Full call number Barcode Date last seen Price effective from Koha item type
        Indian Institute of Public Administration Indian Institute of Public Administration 2009-07-23 B262x54 Si64i 32237 2018-07-21 2018-07-21 Book

Powered by Koha